| 000 | 00589nam a22001937a 4500 | ||
|---|---|---|---|
| 005 | 20251108173216.0 | ||
| 008 | 250721s2004 xx 000 0 ara d | ||
| 082 | 1 | 4 | _aم/ ط/ 811.4/ فرز |
| 100 | 1 | _aطراد، مجيد | |
| 245 | 1 | 0 | _aديوان الفرزدق / |
| 264 | 1 |
_aبيروت : _bدار الكتاب العربي، _c2004. |
|
| 300 | _aج 1. | ||
| 650 | 1 | 7 | _aالشعر العربي |
| 650 | 1 | 7 | _aالنقد الأدبي |
| 650 | 1 | 7 | _aالعصر الاموي |
| 700 | 1 | _aالفرزدق، ابو فراس همام بن غالب | |
| 942 |
_2ddc _cBK |
||
| 999 |
_c98593 _d98593 |
||